[Event "Minsk op"]
[Site "Minsk"]
[Date "2023.11.03"]
[Round "1"]
[White "Bulgak, Damir"]
[Black "Volkov, Yan"]
[Result "1-0"]
[WhiteElo "1723"]
[BlackElo "1029"]
[PlyCount "41"]
[EventDate "2023.11.03"]
[EventType "swiss"]
[EventRounds "9"]
[EventCountry "BLR"]
[SourceTitle "CB46_2023"]
[SourceDate "2023.11.15"]
[SourceVersion "1"]
[SourceVersionDate "2023.11.15"]
[SourceQuality "1"]

1. d4 d5 2. c4 e6 3. Nf3 Nf6 4. Nbd2 c6 5. Qc2 Nbd7 6. g3 g6 7. Bg2 Bg7 8. 0-0 0-0 9. e4 dxe4 10. Nxe4 Nxe4 11. Qxe4 Nb6 12. b3 Re8 13. Bf4 e5 14. dxe5 Bf5 15. Qe3 Qd3 16. Qxd3 Bxd3 17. Rfe1 f6 18. Rad1 fxe5 19. Bxe5 Bxe5 20. Nxe5 Bf5 21. f4 1-0

[Event "Wch U10 blitz"]
[Site "Batumi"]
[Date "2023.06.10"]
[Round "4"]
[White "Alshibaia, Nikoloz"]
[Black "Bulgak, Damir"]
[Result "0-1"]
[WhiteElo "1253"]
[BlackElo "1701"]
[PlyCount "92"]
[EventDate "2023.06.10"]
[EventType "swiss (blitz)"]
[EventRounds "11"]
[EventCountry "GEO"]
[SourceTitle "EXT 2024"]
[Source "ChessBase"]
[SourceDate "2023.10.10"]
[SourceVersion "1"]
[SourceVersionDate "2023.10.10"]
[SourceQuality "1"]
[WhiteTeam "Georgia"]
[BlackTeam "FIDE"]
[WhiteTeamCountry "GEO"]

1. e4 e5 2. Nf3 Nc6 3. Bc4 Bc5 4. c3 Nf6 5. d4 exd4 6. cxd4 Bb4+ 7. Nc3 Nxe4 8. 0-0 Bxc3 9. d5 Bf6 10. Re1 0-0 11. Rxe4 Ne7 12. d6 cxd6 13. Bg5 Bxg5 14. Nxg5 d5 15. Bxd5 Nxd5 16. Qxd5 Qf6 17. Rae1 d6 18. Re8 Bf5 19. Rxf8+ Rxf8 20. Nf3 b6 21. h3 h6 22. Nd4 Bg6 23. Nb5 a6 24. Nc3 b5 25. a3 Qd8 26. Qc6 Qb8 27. Qxa6 b4 28. axb4 Qxb4 29. Qb5 Qh4 30. Qe2 Qb4 31. Qb5 Qh4 32. Qe2 Qd4 33. Qe3 Qf6 34. Qe7 Qd4 35. Qe2 Rb8 36. Qe3 Qxe3 37. Rxe3 Rxb2 38. Ne4 d5 39. Ng3 d4 40. Re8+ Kh7 41. Rd8 d3 42. Kh2 h5 43. h4 f6 44. f4 d2 45. f5 Bf7 46. Rd3 Bb3 0-1

[Event "Wch U10 blitz"]
[Site "Batumi"]
[Date "2023.06.10"]
[Round "3"]
[White "Bulgak, Damir"]
[Black "Kakavand, Ramtin1111"]
[Result "0-1"]
[WhiteElo "1701"]
[BlackElo "2009"]
[PlyCount "108"]
[EventDate "2023.06.10"]
[EventType "swiss (blitz)"]
[EventRounds "11"]
[EventCountry "GEO"]
[SourceTitle "EXT 2024"]
[Source "ChessBase"]
[SourceDate "2023.10.10"]
[SourceVersion "1"]
[SourceVersionDate "2023.10.10"]
[SourceQuality "1"]
[WhiteTeam "FIDE"]
[BlackTeam "Iran"]
[BlackTeamCountry "IRI"]

1. e4 e5 2. Nf3 Nc6 3. Bb5 a6 4. Ba4 Nf6 5. 0-0 Be7 6. Re1 b5 7. Bb3 0-0 8. d3 d6 9. a3 Na5 10. Ba2 c5 11. Nbd2 Qc7 12. Nf1 Nc6 13. Bg5 h6 14. Bxf6 Bxf6 15. Ne3 Be6 16. Nd5 Bxd5 17. Bxd5 Rad8 18. Nd2 Ne7 19. Ba2 Ng6 20. g3 Qd7 21. Qh5 Kh7 22. Nf1 Ne7 23. Ne3 g6 24. Qf3 Bg7 25. h4 h5 26. Nd5 Nxd5 27. Bxd5 f5 28. exf5 Rxf5 29. Qg2 Rdf8 30. Rf1 R5f6 31. Rae1 Bh6 32. Bc6 Qg4 33. f3 Qd4+ 34. Kh1 Qxb2 35. Be4 Qd4 36. g4 Rf4 37. gxh5 Rxh4+ 38. Qh2 Rxh2+ 39. Kxh2 Rf4 40. Bxg6+ Kh8 41. Re4 Rxe4 42. fxe4 Bf4+ 43. Kg2 Qe3 44. Rf3 Qe2+ 45. Rf2 Qg4+ 46. Kf1 b4 47. axb4 cxb4 48. Rg2 Qd1+ 49. Kf2 Qxc2+ 50. Kf3 Qd1+ 51. Kf2 b3 52. Bf7 Qd2+ 53. Kf3 Qxd3+ 54. Kg4 Qxe4 0-1

[Event "Orsha op-A 21st"]
[Site "Orsha"]
[Date "2023.01.19"]
[Round "1"]
[White "Bulgak, Damir"]
[Black "Moskalenko, Alexander"]
[Result "0-1"]
[WhiteElo "1545"]
[BlackElo "2482"]
[PlyCount "66"]
[EventDate "2023.01.19"]
[EventType "swiss"]
[EventRounds "9"]
[EventCountry "BLR"]
[SourceTitle "CBM 212 Extra"]
[Source "ChessBase"]
[SourceDate "2023.03.31"]
[SourceVersion "1"]
[SourceVersionDate "2023.03.31"]
[SourceQuality "1"]

1. e4 c5 2. Nf3 e6 3. d4 cxd4 4. Nxd4 Nc6 5. Nc3 Nf6 6. Ndb5 Bc5 7. Bf4 0-0 8. Bc7 Qe7 9. Bd6 Bxd6 10. Qxd6 a6 11. Qxe7 Nxe7 12. Nd6 Ne8 13. 0-0-0 Nxd6 14. Rxd6 f5 15. f3 b5 16. Be2 Ra7 17. Rhd1 Rc7 18. a3 fxe4 19. fxe4 Nc6 20. R1d2 Ne5 21. Bd3 Bb7 22. Kb1 Bc6 23. Na2 a5 24. Nc3 Rb8 25. b4 axb4 26. axb4 Nf7 27. Rd4 e5 28. Rd5 Bxd5 29. Nxd5 Ra7 30. Kb2 Nd6 31. Rf2 h6 32. Ne7+ Kh7 33. Nf5 Nc4+ 0-1